书目信息 |
| 题名: |
吴文俊论数学机械化
|
|
| 作者: | 吴文俊 著 | |
| 分册: | ||
| 出版信息: | 济南 山东教育出版社 1996 |
|
| 页数: | 659页 | |
| 开本: | 20cm | |
| 丛书名: | ||
| 单 册: | ||
| 中图分类: | O29:TH | |
| 科图分类: | ||
| 主题词: | 应用数学 , 数学--应用 | |
| 电子资源: | ||
| ISBN: | 7-5328-2267-2 | |
| 000 | 00553nam0 2200193 450 | |
| 001 | 0732828906 | |
| 005 | 20070903090708.90 | |
| 010 | @a7-5328-2267-2@b精装@d¥27.70 | |
| 100 | @a20070903d km y0chiy0120 ea | |
| 101 | 0 | @achi |
| 200 | 1 | @a吴文俊论数学机械化@Awu wen jun lun shu xue ji xie hua@f吴文俊著@Fwu wen jun zhu |
| 210 | @a济南@c山东教育出版社@d1996 | |
| 215 | @a659页@d20cm | |
| 606 | 0 | @a应用数学 |
| 606 | 0 | @a数学@x应用 |
| 690 | @aO29:TH@v3 | |
| 701 | 0 | @a吴文俊@Awu wen jun@4著 |
| 801 | 0 | @aCN@bPFT@c20070903 |
| 905 | @a213230@dO29:TH@eS6@f1 | |
| 吴文俊论数学机械化/吴文俊著.-济南:山东教育出版社,1996 |
| 659页;20cm |
| ISBN 7-5328-2267-2(精装):¥27.70 |
| ● |
| 相关链接 |
|
|
|
|
正题名:吴文俊论数学机械化
索取号:O29:TH/S6
 
预约/预借
| 序号 | 登录号 | 条形码 | 馆藏地/架位号 | 状态 | 备注 |
| 1 | 6703473 | 267034737 | 密集书库-数信学院/ [索取号:O29:TH/S6] | 在馆 |